La Conca de Barberà : territori, població i activitats econòmiques / Diego López Bonillo (coordinador) ... ; Maties Vives March (pròleg) territori, població i activitats econòmiques / Diego López Bonillo (coordinador) ... ; Maties Vives March (pròleg)
Descripción Física:
XI, 343 p. : amb map. ; 24 cm
Colección:
Col·lecció Catalunya Comarcal
MARC
| LEADER | 00000nam a2200000Ia 4500 | ||
|---|---|---|---|
| 001 | 9422 | ||
| 008 | 160829s1991 xx 000 0 cat d | ||
| 080 | |a M-2-26 | ||
| 245 | |a La Conca de Barberà : |b territori, població i activitats econòmiques / Diego López Bonillo (coordinador) ... ; Maties Vives March (pròleg) | ||
| 260 | |a Barcelona : |b Caixa d'Estalvis de Catalunya, |c 1991 | ||
| 300 | |a XI, 343 p. : |b amb map. ; |c 24 cm | ||
| 490 | |a Col·lecció Catalunya Comarcal | ||
| 650 | |a Conca de Barberà |x Condicions econòmiques |9 35709 | ||
| 700 | 1 | |a López Bonillo, Diego |9 35710 | |
| 700 | |a Vives March, Maties, pr. |9 35711 | ||
| 901 | |a Arxiu | ||
| 942 | |n 1 | ||
| 952 | |0 0 |1 0 |4 0 |6 M226 |7 1 |9 47036 |a Arxiu |b Arxiu |d 2016-12-01 |l 0 |o M-2-26 |p 9422 |r 2016-12-01 00:00:00 |w 2016-12-01 |y ARXIU | ||
| 999 | |c 50829 |d 50829 | ||